01183nam a2200205 i 450000100060000000300090000600500170001500700030003200800410003510000340007624501080011026000580021830000280027650504310030465000310073570000370076685200340080399900170083795201230085487902ES-MaACL20250901110114.0t|041228s1958 sp ||||1| spa d1 aLacour-Gayet, Jacques.96940110aHistoria del comercio / cJacques Lacour-Gayet ; [traducción castellana de Jesús García Tolsá]. aBarcelona : bVergara, c[1958] (fFidel Rodríguez) a3 v. : bil. ; c28 cm.8 aContiene: I. Jacques Lacour-Gayet: Introducción. André Journaux: La Geografía y el comercio. Pierre Benaerts: Los hombres... XVI + 618 pág. -- II. Marguerite Boulet: El comercio Medieval europeo. Henri Labouret: La permuta y el comercio en los archipiélagos del Pacífico y en Africa tropical... 733 pág. -- III. Jean Canu: El Nuevo Mundo y el oro español. Claude-Joseph Gignoux: Epoca mercantilista.- 966 pág04aComercio-vHistoria9111601 aGarcía Tolsá, Jesús955332 aES-MaACLjC-15651-3 bR.42624 c87902d87902 00104070aATENEOMbATENEOMcFICHd2008-01-17eSCl0oC-15651-3p1091826r2023-02-23 00:00:00w2023-02-23yMONOGRAFIA